Platobné služby v procese riadenia operačného rizika bánk

Pozícia platobných služieb v aktivitách bánk. Charakteristika a riadenie operačného rizika. Záväzné opatrenia o systéme riadenia operačného rizika. Straty z operačného rizika v platobných službách. Zdroje vzniku operačného rizika pri poskytovaní platobných služieb.

Na minha lista:
Detalhes bibliográficos
Autor principal: Kubranová, Magdaléna, 1956-
Formato: Capítulo de Livro
Idioma:eslovaco
Assuntos:
Tags: Adicionar Tag
Sem tags, seja o primeiro a adicionar uma tag!

MARC

LEADER 00000naa$a2200000$$$4500
001 0210029
005 20240502073509.6
041 0 |a slo 
044 |a SK 
245 1 0 |a Platobné služby v procese riadenia operačného rizika bánk  |c Magdaléna Kubranová 
520 |a Pozícia platobných služieb v aktivitách bánk. Charakteristika a riadenie operačného rizika. Záväzné opatrenia o systéme riadenia operačného rizika. Straty z operačného rizika v platobných službách. Zdroje vzniku operačného rizika pri poskytovaní platobných služieb. 
610 2 0 |a banky 
610 2 0 |a riziko finančné 
610 2 0 |a riziko operačné 
610 2 0 |a riziko bankové 
610 2 0 |a riadenie rizík 
610 2 0 |a služby nevýrobné 
100 1 |a Kubranová, Magdaléna, 1956-